000 005670000a22001810004500
003 MACL
005 20160423115736.0
008 160423b xxu||||| |||| 00| 0 eng d
040 _aMACL
_cMACL
041 _aHindi
082 _a800
100 _aचन्द्रिका ठाकुर
_953488
245 _aनागार्जुन की कविता में युगबोध
260 _bयश पब्लिकेशन
_c2009
_aदिल्‍ली
350 _a295
650 _aरचनावली
_9163
942 _cHIN
_k800/THA
_2ddc
999 _c41560
_d41560